000 00895nam a2200277Ia 4500
001 Z_2092
003 CHAP
008 220113s1996 xx 000 0 und d
010 _a165165
040 _cCHAP
090 _aTesis M 1073
100 _aMendieta Juárez, Armando
_974575
245 _aCaracterización de la ganadería para lidia y estimación de parámetros genéticos para el comportamiento durante la tienta /
_cpor Armando Mendieta Juárez y Miguel Gutiérrez Dimas
260 _aChapingo, Méx. :
_bEl autor,
_c1996
300 _a88 h.
502 _aTesis (Ing. Agr. Esp. en Zootecnia) -- UACH. Departamento de Zootecnia
650 _aGanadería
_xHistoria
_944745
650 _aGanado vacuno
_xGenética
_945470
700 _aGutiérrez Dimas, Miguel
_9139193
901 _aTESIS M 1073
902 _aM
910 _a1996
942 _c2
942 _c2
999 _c165165
_d165165